Isle Royale National Park Quiz - Statistics

General Stats
  • This quiz has been taken 38 times
  • The average score is 10 of 15
Answer Stats
Hint Answer % Correct
State it's part of Michigan
100%
Lake it's in Lake Superior
95%
State it's closest to Minnesota
95%
At one point, the island was home to one of only two remaining packs of what animal in the contiguous United States? Wolves
95%
Largest animal on the island, and primary prey of the above Moose
90%
Highly conductive metal first mined on the island 5,700 years ago Copper
86%
Second-largest city on this lake, and the most inland seaport in North America Duluth, Minnesota
81%
Number of lighthouses in the park 4
62%
Nearest major (100,000+) city, the largest on this lake Thunder Bay, Ontario
52%
Ferry services run to the island from three towns. Name any one. Houghton, Copper Harbor, Grand Portage
48%
One of two visitor centers on the island, named for a monster of local myth Windigo
48%
Indigenous group who ceded the island to the US in 1842 Ojibwe
43%
County the park is in, named for a peninsula on the mainland Keweenaw
29%
Isle Royale is the fourth-largest lake island in the world. Name any of the three larger ones. Manitoulin, René-Levasseur, Olkhon
29%
Name of the highest ridge that runs down the backbone of the island {Greenstone} Ridge
19%
No matching quizzes found
Score Distribution
Percent of People with Each Score
Percentile by Number Answered
Your Score History
You have not taken this quiz